[Event "ESP-chT CECLUB Div1"]
[Site "Linares"]
[Date "2023.08.23"]
[Round "4.5"]
[White "Gomez Carreno, Martin"]
[Black "Minana Menor, Antonio"]
[Result "1-0"]
[WhiteElo "2133"]
[BlackElo "2093"]
[PlyCount "95"]
[EventDate "2023.08.20"]
[EventType "team-tourn"]
[EventRounds "7"]
[EventCountry "ESP"]
[SourceTitle "CBM 215 Extra"]
[Source "ChessBase"]
[SourceDate "2023.09.30"]
[SourceVersion "1"]
[SourceVersionDate "2023.09.30"]
[SourceQuality "1"]
[WhiteTeam "Ourense"]
[BlackTeam "Xeraco CE"]
[WhiteTeamCountry "ESP"]
[BlackTeamCountry "ESP"]

1. e4 c5 2. Nc3 Nc6 3. Nge2 Nf6 4. d4 cxd4 5. Nxd4 d6 6. Bc4 g6 7. f3 Bg7 8. Be3 0-0 9. Bb3 Bd7 10. h4 Rc8 11. Qd2 Nxd4 12. Bxd4 b5 13. h5 a5 14. hxg6 hxg6 15. Bxf6 exf6 16. Qxd6 Rxc3 17. bxc3 a4 18. Rd1 axb3 19. axb3 f5 20. Qxd7 Bxc3+ 21. Kf1 Qxd7 22. Rxd7 Re8 23. Ke2 b4 24. Kd3 fxe4+ 25. fxe4 Rc8 26. Rf1 f6 27. Rh1 Be5 28. Rhh7 Rc3+ 29. Kd2 Rg3 30. Rdg7+ Kf8 31. Ra7 Kg8 32. Rhg7+ Kf8 33. Rgb7 Rxg2+ 34. Kd1 Rg1+ 35. Ke2 Ra1 36. Rxa1 Bxa1 37. Rxb4 Ke7 38. Kd3 Kd6 39. c3 Bb2 40. Kc2 Ba3 41. Rb6+ Ke5 42. b4 g5 43. Ra6 g4 44. Rxa3 Kxe4 45. b5 Kd5 46. b6 Kc6 47. Ra4 f5 48. Rf4 1-0

[Event "ESP-chT CECLUB Div1"]
[Site "Sanxenxo"]
[Date "2022.09.23"]
[Round "7.4"]
[White "Segura Santos, Luis"]
[Black "Gomez Carreno, Martin"]
[Result "1/2-1/2"]
[WhiteElo "2121"]
[BlackElo "2155"]
[PlyCount "129"]
[EventDate "2022.09.17"]
[EventType "team-tourn"]
[EventRounds "7"]
[EventCountry "ESP"]
[SourceTitle "CBM 210 Extra"]
[Source "ChessBase"]
[SourceDate "2022.11.30"]
[SourceVersion "1"]
[SourceVersionDate "2022.11.30"]
[SourceQuality "1"]
[WhiteTeam "Sanxenxo Fontecarmoa"]
[BlackTeam "Ourense Deportivo"]
[WhiteTeamCountry "ESP"]
[BlackTeamCountry "ESP"]

1. e4 e5 2. Nf3 Nc6 3. d4 exd4 4. Bc4 Nf6 5. e5 d5 6. Bb5 Ne4 7. Nxd4 Bc5 8. Be3 0-0 9. Nxc6 bxc6 10. Bxc5 Nxc5 11. Bxc6 Rb8 12. Qxd5 Qe7 13. 0-0 Rxb2 14. Nc3 Rd8 15. Qf3 Ne6 16. Nd5 Qc5 17. c3 Kf8 18. Ne3 Ng5 19. Qh5 h6 20. Bf3 Nxf3+ 21. Qxf3 Bb7 22. Qf4 Re8 23. Rab1 Rb6 24. Rfd1 Qxe5 25. Qxe5 Rxe5 26. Rd8+ Re8 27. Rxe8+ Kxe8 28. Rb3 Bc8 29. Rxb6 axb6 30. Kf1 Ke7 31. Ke2 Kd6 32. Kd3 Kc5 33. h4 Be6 34. a3 Kb5 35. Kc2 Kc5 36. f4 h5 37. Nf1 Bf5+ 38. Kd2 Kb5 39. Ne3 Be4 40. g4 hxg4 41. Nxg4 Ka4 42. h5 Bf3 43. h6 gxh6 44. Nxh6 Bd5 45. Kd3 Kb3 46. Kd4 Bc4 47. f5 c5+ 48. Ke5 Kxc3 49. Kf6 b5 50. Nxf7 b4 51. axb4 cxb4 52. Nd6 b3 53. Nxc4 Kxc4 54. Kg7 b2 55. f6 b1Q 56. f7 Qg1+ 57. Kh7 Qh2+ 58. Kg7 Qg3+ 59. Kh7 Qf4 60. Kg7 Qg5+ 61. Kh7 Qf6 62. Kg8 Qg6+ 63. Kh8 Qf6+ 64. Kg8 Qe6 65. Kh8 1/2-1/2

[Event "ESP-chT CECLUB Div1"]
[Site "Sanxenxo"]
[Date "2022.09.22"]
[Round "6.2"]
[White "Gomez Carreno, Martin"]
[Black "Guadamuro Torrente, Anabel"]
[Result "1/2-1/2"]
[WhiteElo "2155"]
[BlackElo "2102"]
[PlyCount "109"]
[EventDate "2022.09.17"]
[EventType "team-tourn"]
[EventRounds "7"]
[EventCountry "ESP"]
[SourceTitle "CBM 210 Extra"]
[Source "ChessBase"]
[SourceDate "2022.11.30"]
[SourceVersion "1"]
[SourceVersionDate "2022.11.30"]
[SourceQuality "1"]
[WhiteTeam "Ourense Deportivo"]
[BlackTeam "Virgen de Atocha"]
[WhiteTeamCountry "ESP"]
[BlackTeamCountry "ESP"]

1. e4 e5 2. Nf3 Nc6 3. Bb5 Nf6 4. 0-0 Nxe4 5. Re1 Nd6 6. Nxe5 Be7 7. Bf1 Nxe5 8. Rxe5 0-0 9. d4 Bf6 10. Re1 b6 11. Bf4 Nf5 12. c3 Bb7 13. Nd2 d5 14. Bd3 Nd6 15. Qf3 g6 16. Nf1 Bg7 17. Qg3 Ne8 18. h4 h5 19. Nh2 c5 20. Bg5 Bf6 21. Nf3 Nd6 22. Ne5 Bxg5 23. hxg5 cxd4 24. cxd4 Ne4 25. Bxe4 dxe4 26. d5 e3 27. Rxe3 Qxd5 28. Rd3 h4 29. Rxd5 hxg3 30. Rd7 Rfe8 31. Ng4 Bc6 32. Nh6+ Kh8 33. Rxf7 Re2 34. fxg3 Rxg2+ 35. Kf1 Rxg3 36. Re1 Rf3+ 37. Rxf3 Bxf3 38. Re7 Bd5 39. a3 Rc8 40. Rxa7 Rc1+ 41. Kf2 Rc2+ 42. Ke3 Rxb2 43. Kd4 Bf3 44. Rf7 Bh5 45. Ra7 Ra2 46. Kd5 Bf3+ 47. Ke6 Bh5 48. Kd6 Rc2 49. Ke7 Re2+ 50. Kf6 Rf2+ 51. Ke5 b5 52. Kd4 Rg2 53. Kc3 Be2 54. Re7 Bd1 55. Rb7 1/2-1/2

[Event "ESP-ch Amateurs U2300"]
[Site "Murcia"]
[Date "2022.09.01"]
[Round "5.4"]
[White "Garcia Gil, Bernardino"]
[Black "Gomez Carreno, Martin"]
[Result "1/2-1/2"]
[WhiteElo "2292"]
[BlackElo "2155"]
[PlyCount "169"]
[EventDate "2022.08.30"]
[EventType "swiss"]
[EventRounds "7"]
[EventCountry "ESP"]
[SourceTitle "EXT 2024"]
[Source "ChessBase"]
[SourceDate "2023.10.10"]
[SourceVersion "1"]
[SourceVersionDate "2023.10.10"]
[SourceQuality "1"]

1. e4 e5 2. Nf3 Nc6 3. Bc4 Nf6 4. 0-0 Nxe4 5. d3 Nf6 6. Re1 Be7 7. Nxe5 Nxe5 8. Rxe5 d5 9. Bb3 Be6 10. h3 Bd6 11. Re1 0-0 12. Nd2 h6 13. Nf1 c6 14. Qf3 Nh7 15. c3 Ng5 16. Qe3 Re8 17. f4 Bd7 18. Qf2 Rxe1 19. Qxe1 Ne6 20. Qe3 Bxf4 21. Qf3 Bxc1 22. Rxc1 Ng5 23. Qg3 Qb8 24. Qe3 Qd6 25. Qg3 Qxg3 26. Nxg3 Re8 27. Kf2 g6 28. Bc2 Kg7 29. b4 a5 30. Rb1 Ra8 31. a4 axb4 32. cxb4 Ne6 33. Ne2 c5 34. Bb3 cxb4 35. Bxd5 Rxa4 36. Bb3 Ra3 37. Bxe6 Bxe6 38. Rxb4 Rxd3 39. Rxb7 Rb3 40. Rc7 Kf6 41. Rc2 Ra3 42. Rc6 Ke5 43. Rc5+ Ke4 44. Ng3+ Kd4 45. Rc2 Ra2 46. Ne2+ Ke5 47. Rc3 Bd5 48. g3 Be6 49. g4 Rb2 50. Re3+ Kf6 51. Kg3 g5 52. Rf3+ Kg6 53. Nc3 Kg7 54. Re3 Bd7 55. h4 Rb4 56. Re4 Rxe4 57. Nxe4 Bc6 58. Nf2 Kf6 59. hxg5+ hxg5 60. Nh3 Be4 61. Kf2 Bc2 62. Ke2 Kg6 63. Ng1 f6 64. Nf3 Kf7 65. Nd4 Ba4 66. Kf3 Bd1+ 67. Kg3 Ke7 68. Nf5+ Ke6 69. Ne3 Bb3 70. Kf3 Ke5 71. Nf1 Bd1+ 72. Kg3 Kd4 73. Nh2 Be2 74. Kf2 Kd3 75. Kg2 Ke3 76. Kg3 Ke4 77. Kf2 Bd1 78. Kg3 Be2 79. Kf2 Bb5 80. Kg3 Ke3 81. Nf3 Bc6 82. Ng1 Be4 83. Nh3 Bd3 84. Ng1 Bf1 85. Nf3 1/2-1/2

[Event "Gallega-chT playoff"]
[Site "Vilagarcia de Arousa"]
[Date "2022.04.23"]
[Round "1"]
[White "Gomez Carreno, Martin"]
[Black "Segura Santos, Luis"]
[Result "0-1"]
[WhiteElo "2133"]
[BlackElo "2110"]
[PlyCount "76"]
[EventDate "2022.04.23"]
[EventType "team"]
[EventRounds "1"]
[EventCountry "ESP"]
[SourceTitle "CBM 207 Extra"]
[Source "ChessBase"]
[SourceDate "2022.05.31"]
[SourceVersion "1"]
[SourceVersionDate "2022.05.31"]
[SourceQuality "1"]
[WhiteTeam "Ourense"]
[BlackTeam "Viajes Interrias"]
[WhiteTeamCountry "ESP"]
[BlackTeamCountry "ESP"]

1. e4 c5 2. Nc3 a6 3. Nge2 d6 4. d4 cxd4 5. Qxd4 Nc6 6. Qd2 Nf6 7. b3 e6 8. Bb2 Be7 9. 0-0-0 0-0 10. Kb1 Qa5 11. f3 Rd8 12. Nd4 d5 13. exd5 exd5 14. Na4 Qc7 15. Bd3 b5 16. Nxc6 Qxc6 17. Nc3 Bb4 18. a3 Ba5 19. Nxd5 Nxd5 20. Qxa5 Be6 21. c4 bxc4 22. bxc4 Nb6 23. Qc3 f6 24. Be4 Qa4 25. Bc2 Qxc4 26. Qxc4 Nxc4 27. Rxd8+ Rxd8 28. Re1 Kf7 29. Ka1 Nxb2 30. Kxb2 Rd2 31. Kc3 Rxg2 32. h4 Rh2 33. Re4 Rxc2+ 34. Kxc2 Bf5 35. Kc3 Bxe4 36. fxe4 Ke6 37. Kd4 h5 38. a4 g5 0-1

[Event "ESP-ch U18"]
[Site "Salobrena"]
[Date "2021.07.28"]
[Round "4"]
[White "Gomez Carreno, Martin"]
[Black "Vinolas Anglada, Laura"]
[Result "1/2-1/2"]
[WhiteElo "2090"]
[BlackElo "1870"]
[PlyCount "134"]
[EventDate "2021.07.26"]
[EventType "swiss"]
[EventRounds "9"]
[EventCountry "ESP"]
[SourceTitle "CBM 203 Extra"]
[Source "ChessBase"]
[SourceDate "2021.09.30"]
[SourceVersion "1"]
[SourceVersionDate "2021.09.30"]
[SourceQuality "1"]

1. e4 e5 2. Nf3 Nc6 3. Bb5 a6 4. Ba4 Nf6 5. 0-0 b5 6. Bb3 Bb7 7. d4 Nxd4 8. Nxe5 Nxb3 9. axb3 Nxe4 10. Re1 Be7 11. Nc3 Nxc3 12. bxc3 d6 13. Ng4 0-0 14. Qe2 Qd7 15. f3 Bh4 16. Rf1 Rae8 17. Qd3 f5 18. Ne3 g6 19. Bd2 Re6 20. c4 Rfe8 21. Nd5 c6 22. Nf4 R6e7 23. Bc3 Rf7 24. Rad1 Bf6 25. Bb4 c5 26. Bxc5 bxc4 27. bxc4 Qc6 28. Qxd6 Rc8 29. Qxc6 Rxc6 30. Bd4 Rxc4 31. Bxf6 Rxf6 32. Rd8+ Rf8 33. Rxf8+ Kxf8 34. Ne6+ Ke7 35. Re1 Kd6 36. Nf8 Rxc2 37. Nxh7 Bd5 38. Nf6 Kc5 39. Nxd5 Kxd5 40. Ra1 Rc6 41. g4 Kc4 42. gxf5 gxf5 43. h4 Kb4 44. Rb1+ Ka4 45. Ra1+ Kb5 46. Rb1+ Ka4 47. Ra1+ Kb5 48. Kf2 f4 49. Rb1+ Ka4 50. Ra1+ Kb4 51. Rb1+ Ka4 52. Re1 Kb5 53. Re5+ Kb6 54. Re4 Rf6 55. Ke2 a5 56. Kd3 Kc5 57. Kc3 Kd5 58. Ra4 Rc6+ 59. Kb3 Ke5 60. Re4+ Kf5 61. Ra4 Rc5 62. Ra2 Kg6 63. Rg2+ Kh5 64. Rg4 Rf5 65. Ka4 Kh6 66. Rg8 Kh7 67. Rg4 Kh6 1/2-1/2

[Event "ESP-ch U18"]
[Site "Salobrena"]
[Date "2021.07.28"]
[Round "5"]
[White "Jimenez Fernandez, Rebeca"]
[Black "Gomez Carreno, Martin"]
[Result "0-1"]
[WhiteElo "1905"]
[BlackElo "2090"]
[PlyCount "80"]
[EventDate "2021.07.26"]
[EventType "swiss"]
[EventRounds "9"]
[EventCountry "ESP"]
[SourceTitle "CBM 203 Extra"]
[Source "ChessBase"]
[SourceDate "2021.09.30"]
[SourceVersion "1"]
[SourceVersionDate "2021.09.30"]
[SourceQuality "1"]

1. e4 e5 2. Nf3 Nc6 3. Bb5 a6 4. Ba4 Nf6 5. 0-0 Bc5 6. c3 b5 7. Bb3 d6 8. d4 Bb6 9. a4 Bg4 10. Bg5 Rb8 11. axb5 axb5 12. Na3 exd4 13. Nxb5 dxc3 14. Nxc3 Ne5 15. Ba4+ Kf8 16. Nd5 h6 17. Bf4 Nxd5 18. exd5 Bxf3 19. gxf3 Qf6 20. Bxe5 Qxe5 21. Qd2 g6 22. Rfe1 Qf6 23. Ra3 Bc5 24. Rb3 Rxb3 25. Bxb3 Qxf3 26. Bd1 Qf6 27. b4 Bb6 28. Ba4 Kg7 29. Be8 Bd4 30. Re4 Be5 31. Bc6 Qg5+ 32. Qxg5 hxg5 33. b5 Bxh2+ 34. Kg2 Be5 35. Ra4 Rh4 36. Ra7 Rh2+ 37. Kg1 Rxf2 38. Rxc7 Bd4 39. Rb7 g4 40. b6 g3 0-1

[Event "ESP-ch U18"]
[Site "Salobrena"]
[Date "2021.07.27"]
[Round "3"]
[White "De Santiago Gordo, Abel"]
[Black "Gomez Carreno, Martin"]
[Result "0-1"]
[WhiteElo "1769"]
[BlackElo "2090"]
[PlyCount "76"]
[EventDate "2021.07.26"]
[EventType "swiss"]
[EventRounds "9"]
[EventCountry "ESP"]
[SourceTitle "CBM 203 Extra"]
[Source "ChessBase"]
[SourceDate "2021.09.30"]
[SourceVersion "1"]
[SourceVersionDate "2021.09.30"]
[SourceQuality "1"]

1. d4 Nf6 2. c4 e6 3. Nc3 Bb4 4. f3 c5 5. d5 d6 6. e4 0-0 7. Bd3 Nbd7 8. Nge2 Ne5 9. 0-0 Nxd3 10. Qxd3 a6 11. a4 exd5 12. cxd5 Bd7 13. Bg5 Rc8 14. f4 h6 15. Bh4 c4 16. Qf3 Bg4 17. Bxf6 Bxf3 18. Bxd8 Bxe2 19. Nxe2 Bc5+ 20. Kh1 Rfxd8 21. Rad1 b5 22. axb5 axb5 23. Nd4 Bxd4 24. Rxd4 Re8 25. g4 Ra8 26. Kg2 f6 27. Rf2 Rec8 28. Rc2 Ra2 29. Kf3 Rca8 30. Rdd2 Ra1 31. Ke3 g5 32. fxg5 hxg5 33. Rf2 Kg7 34. Kd4 Rh8 35. e5 fxe5+ 36. Ke4 Kg6 37. Rf5 Rh3 38. Re2 Rd1 0-1

[Event "ESP-ch 85th"]
[Site "Linares"]
[Date "2020.09.08"]
[Round "9"]
[White "Lopez Varela, Pablo"]
[Black "Gomez Carreno, Martin"]
[Result "1/2-1/2"]
[WhiteElo "2177"]
[BlackElo "2070"]
[PlyCount "62"]
[EventDate "2020.08.31"]
[EventType "swiss"]
[EventRounds "9"]
[EventCountry "ESP"]
[SourceTitle "EXT 2021"]
[Source "ChessBase"]
[SourceDate "2020.10.23"]
[SourceVersion "1"]
[SourceVersionDate "2020.10.23"]
[SourceQuality "1"]

1. e4 e5 2. f4 exf4 3. Nf3 Nc6 4. d4 d5 5. exd5 Qxd5 6. c4 Qe4+ 7. Kf2 Bg4 8. Bd3 Bxf3 9. Bxe4 Bxd1 10. Bxc6+ bxc6 11. Rxd1 0-0-0 12. Bxf4 Bc5 13. Be3 Nf6 14. Kf3 Rhe8 15. Nc3 Bb4 16. Ne2 Rd7 17. Rd3 Bd6 18. Ng3 Bxg3 19. hxg3 Ne4 20. Ra3 Nd6 21. Rc1 Nf5 22. Rd1 Rd6 23. g4 Nxe3 24. Rxe3 Rxe3+ 25. Kxe3 Re6+ 26. Kf3 Rf6+ 27. Kg3 Rg6 28. Kf4 Rf6+ 29. Kg3 Rg6 30. Kf4 Rf6+ 31. Kg3 Rg6 1/2-1/2

[Event "ESP-ch 85th"]
[Site "Linares"]
[Date "2020.09.07"]
[Round "8"]
[White "Gomez Carreno, Martin"]
[Black "Fernandez Lledo, Javier"]
[Result "1/2-1/2"]
[WhiteElo "2070"]
[BlackElo "2220"]
[PlyCount "95"]
[EventDate "2020.08.31"]
[EventType "swiss"]
[EventRounds "9"]
[EventCountry "ESP"]
[SourceTitle "EXT 2021"]
[Source "ChessBase"]
[SourceDate "2020.10.23"]
[SourceVersion "1"]
[SourceVersionDate "2020.10.23"]
[SourceQuality "1"]

1. e4 Nf6 2. e5 Nd5 3. d4 d6 4. c4 Nb6 5. f4 Bf5 6. Nf3 e6 7. exd6 cxd6 8. Bd3 Bxd3 9. Qxd3 Be7 10. 0-0 0-0 11. Nc3 N8d7 12. b3 Re8 13. Bb2 a5 14. Rae1 g6 15. a4 Bf8 16. Re2 Bg7 17. Rfe1 Nc8 18. Nb5 Qb6 19. Kh1 Na7 20. Nxa7 Rxa7 21. g4 Nf6 22. h3 d5 23. c5 Qc7 24. Bc1 Raa8 25. Kg2 Ne4 26. Nd2 Qxf4 27. Nxe4 dxe4 28. Rxe4 Qc7 29. Bf4 Qd7 30. d5 Rec8 31. Bd6 e5 32. Bxe5 Bxe5 33. Rxe5 Rxc5 34. Qd4 Rc2+ 35. R5e2 Rxe2+ 36. Rxe2 Qd6 37. Qe5 Qxe5 38. Rxe5 Rd8 39. Re7 b6 40. Rb7 Rd6 41. Kf3 Rxd5 42. Rxb6 Rd3+ 43. Kg2 Kg7 44. Rb5 Kf6 45. Rxa5 Rxb3 46. Ra6+ Kg5 47. Ra7 Rb2+ 48. Kg3 1/2-1/2

[Event "ESP-ch 85th"]
[Site "Linares"]
[Date "2020.09.05"]
[Round "6"]
[White "Gomez Carreno, Martin"]
[Black "Ortega Ruiz, Jose Miguel"]
[Result "0-1"]
[WhiteElo "2070"]
[BlackElo "2224"]
[PlyCount "130"]
[EventDate "2020.08.31"]
[EventType "swiss"]
[EventRounds "9"]
[EventCountry "ESP"]
[SourceTitle "EXT 2021"]
[Source "ChessBase"]
[SourceDate "2020.10.23"]
[SourceVersion "1"]
[SourceVersionDate "2020.10.23"]
[SourceQuality "1"]

1. e4 e5 2. Nf3 Nc6 3. Bb5 a6 4. Ba4 Nf6 5. 0-0 Be7 6. Re1 b5 7. Bb3 0-0 8. d4 d6 9. c3 Bg4 10. Be3 exd4 11. cxd4 Na5 12. Bc2 Nc4 13. Bc1 c5 14. b3 Nb6 15. Bb2 Rc8 16. Nbd2 Nfd7 17. Qb1 c4 18. bxc4 Nxc4 19. Nxc4 bxc4 20. Re3 Rb8 21. a4 d5 22. e5 g6 23. h3 Be6 24. Qc1 a5 25. Bc3 Re8 26. Re1 Bb4 27. Qd2 Qe7 28. Reb1 Rb6 29. Rb2 Reb8 30. Rab1 R8b7 31. Qe1 Qf8 32. Ng5 Qb8 33. Bxb4 Rxb4 34. Rxb4 axb4 35. f4 b3 36. Bd1 Qa7 37. Qc3 Bf5 38. Rb2 Nb6 39. Bxb3 cxb3 40. Qxb3 h6 41. Nf3 Bc8 42. Qc3 Nc4 43. Rxb7 Qxb7 44. Qe1 Bf5 45. Qh4 Be4 46. Qxh6 Bxf3 47. gxf3 Qb1+ 48. Kh2 Qc2+ 49. Kh1 Qd1+ 50. Kh2 Qe2+ 51. Kh1 Qf1+ 52. Kh2 Qf2+ 53. Kh1 Ne3 54. Qg5 Nf5 55. Qg2 Qxd4 56. e6 Qd1+ 57. Kh2 Qxa4 58. h4 Qxf4+ 59. Kg1 Qxh4 60. f4 Qe1+ 61. Kh2 Qxe6 62. Qb2 d4 63. Qb1 Qe2+ 64. Kh3 Qh5+ 65. Kg2 Ne3+ 0-1

[Event "ESP-ch U18"]
[Site "Salobrena"]
[Date "2020.08.21"]
[Round "8"]
[White "Serrano Almendros, Alejandro"]
[Black "Gomez Carreno, Martin"]
[Result "1/2-1/2"]
[WhiteElo "1976"]
[BlackElo "2070"]
[PlyCount "69"]
[EventDate "2020.08.17"]
[EventType "swiss"]
[EventRounds "9"]
[EventCountry "ESP"]
[SourceTitle "CBM 197 Extra"]
[Source "ChessBase"]
[SourceDate "2020.09.30"]
[SourceVersion "1"]
[SourceVersionDate "2020.09.30"]
[SourceQuality "1"]

1. e4 e5 2. Nf3 Nc6 3. Bb5 a6 4. Bxc6 dxc6 5. 0-0 Qf6 6. d4 exd4 7. Bg5 Qg6 8. Qxd4 Be6 9. Nc3 Bd6 10. Bh4 Ne7 11. Bg3 c5 12. Qe3 Bxg3 13. hxg3 Qh5 14. Ng5 Bc4 15. Rfd1 h6 16. Nh3 Be6 17. Nd5 Qe5 18. Qxc5 Bxd5 19. exd5 Qd6 20. Qa5 0-0 21. c4 b6 22. Qc3 Ng6 23. b4 a5 24. a3 Rfd8 25. c5 Qe5 26. Qxe5 Nxe5 27. d6 cxd6 28. cxb6 axb4 29. a4 Rdb8 30. Rxd6 Nc4 31. Rd4 Nxb6 32. Rxb4 Nd7 33. Rxb8+ Rxb8 34. Nf4 Nc5 35. a5 1/2-1/2

[Event "ESP-ch U18"]
[Site "Salobrena"]
[Date "2020.08.19"]
[Round "5"]
[White "Gomez Carreno, Martin"]
[Black "Fernandez Garcia, Gumersindo"]
[Result "0-1"]
[WhiteElo "2070"]
[BlackElo "2126"]
[PlyCount "90"]
[EventDate "2020.08.17"]
[EventType "swiss"]
[EventRounds "9"]
[EventCountry "ESP"]
[SourceTitle "CBM 197 Extra"]
[Source "ChessBase"]
[SourceDate "2020.09.30"]
[SourceVersion "1"]
[SourceVersionDate "2020.09.30"]
[SourceQuality "1"]

1. e4 Nf6 2. Nc3 e5 3. Nf3 Nc6 4. Bc4 Nxe4 5. Bxf7+ Kxf7 6. Nxe4 d5 7. Neg5+ Kg8 8. d4 h6 9. Nh3 Bxh3 10. gxh3 e4 11. Ne5 Nxe5 12. dxe5 Bc5 13. Bf4 c6 14. Qg4 Qe7 15. 0-0-0 Rf8 16. Be3 Bxe3+ 17. fxe3 Kh7 18. Rhg1 Rhg8 19. Qg6+ Kh8 20. Qh5 Rf3 21. Rg6 Rgf8 22. e6 R3f6 23. c3 Qxe6 24. Rxf6 Qxf6 25. Rg1 Qf5 26. Qh4 Qf2 27. Qg4 Qxe3+ 28. Kb1 Qd3+ 29. Kc1 Rf1+ 30. Rxf1 Qxf1+ 31. Kd2 Qd3+ 32. Ke1 Qe3+ 33. Kf1 Qf3+ 34. Qxf3 exf3 35. Kf2 Kh7 36. Kxf3 Kg6 37. Kf4 Kf6 38. b4 g5+ 39. Kg4 Kg6 40. a4 h5+ 41. Kf3 Kf5 42. a5 b6 43. a6 c5 44. bxc5 bxc5 45. Ke3 Ke5 0-1

[Event "ESP-ch U18"]
[Site "Salobrena"]
[Date "2020.08.17"]
[Round "2"]
[White "Sempere Domenech, Abel"]
[Black "Gomez Carreno, Martin"]
[Result "0-1"]
[WhiteElo "1932"]
[BlackElo "2070"]
[PlyCount "60"]
[EventDate "2020.08.17"]
[EventType "swiss"]
[EventRounds "9"]
[EventCountry "ESP"]
[SourceTitle "CBM 197 Extra"]
[Source "ChessBase"]
[SourceDate "2020.09.30"]
[SourceVersion "1"]
[SourceVersionDate "2020.09.30"]
[SourceQuality "1"]

1. d4 Nf6 2. Nf3 e6 3. Bg5 c5 4. e3 Nc6 5. c3 d5 6. Nbd2 Be7 7. Bd3 h6 8. Bh4 b6 9. 0-0 0-0 10. Ne5 Bb7 11. f4 Nd7 12. Bxe7 Qxe7 13. Nxd7 Qxd7 14. g4 f6 15. Qf3 e5 16. Bf5 Qd6 17. Nb3 Ne7 18. Bc2 cxd4 19. cxd4 e4 20. Qg2 Rac8 21. Rfc1 Nc6 22. a3 Rc7 23. Bd1 Ba6 24. Be2 Bxe2 25. Qxe2 Rfc8 26. Rc2 a5 27. Rac1 a4 28. Nd2 Nxd4 29. exd4 Rxc2 30. Rxc2 Rxc2 0-1

[Event "Galicia-ch U18"]
[Site "Padron"]
[Date "2020.02.22"]
[Round "2"]
[White "Gomez Carreno, Martin"]
[Black "Alvarez Pampillon, Antonio"]
[Result "0-1"]
[WhiteElo "2064"]
[BlackElo "1793"]
[PlyCount "54"]
[EventDate "2020.02.22"]
[EventType "swiss"]
[EventRounds "8"]
[EventCountry "ESP"]
[SourceTitle "EXT 2023"]
[Source "ChessBase"]
[SourceDate "2022.10.05"]
[SourceVersion "1"]
[SourceVersionDate "2022.10.05"]
[SourceQuality "1"]

1. e4 c5 2. Nc3 Nc6 3. Nge2 g6 4. d4 cxd4 5. Nxd4 Bg7 6. Be3 d6 7. Bc4 Nf6 8. f3 0-0 9. Qd2 Bd7 10. 0-0-0 Rc8 11. Bb3 Nxd4 12. Bxd4 b5 13. Bxa7 Qa5 14. Bd4 b4 15. Nd5 Nxd5 16. Bxg7 Kxg7 17. Qxd5 Rc5 18. Qd4+ Kg8 19. Qe3 Be6 20. Kb1 Rfc8 21. Rd2 Ra8 22. Bxe6 Rc3 23. bxc3 fxe6 24. Rd3 Qxa2+ 25. Kc1 b3 26. Qe2 Qa1+ 27. Kd2 Qxh1 0-1

[Event "EU-ch U16"]
[Site "Bratislava"]
[Date "2019.08.10"]
[Round "9"]
[White "Gomez Carreno, Martin"]
[Black "Maravic, Ivan"]
[Result "1/2-1/2"]
[WhiteElo "2134"]
[BlackElo "1934"]
[PlyCount "146"]
[EventDate "2019.08.02"]
[EventType "swiss"]
[EventRounds "9"]
[EventCountry "SVK"]
[SourceTitle "CBM 191 Extra"]
[Source "ChessBase"]
[SourceDate "2019.09.30"]
[SourceVersion "1"]
[SourceVersionDate "2019.09.30"]
[SourceQuality "1"]

1. e4 e5 2. Nf3 Nc6 3. Bc4 Nf6 4. d3 Be7 5. 0-0 0-0 6. h3 d6 7. Re1 Na5 8. Bb3 Nxb3 9. axb3 c5 10. Nbd2 b5 11. Nf1 Re8 12. Ng3 Bf8 13. c4 g6 14. b4 Bd7 15. Bd2 cxb4 16. Bxb4 a5 17. Bd2 bxc4 18. dxc4 Qb6 19. Qc2 Reb8 20. Bc3 Be6 21. Nd2 Nd7 22. b3 Nc5 23. Reb1 Qc6 24. Rxa5 Rxa5 25. Bxa5 Bh6 26. Ndf1 f5 27. Re1 Nxe4 28. Nxe4 fxe4 29. Ne3 d5 30. cxd5 Qxc2 31. Nxc2 Bxd5 32. b4 Bb3 33. Ne3 Bxe3 34. Rxe3 Bd5 35. Rc3 Rb5 36. Rc8+ Kg7 37. Rc7+ Bf7 38. Kf1 Kf6 39. Ke2 h5 40. Ke3 Bd5 41. g3 Ke6 42. Kd2 Ba8 43. Kc3 Rd5 44. Rg7 Kf6 45. Ra7 Rd3+ 46. Kc2 Bd5 47. b5 Rb3 48. b6 e3 49. fxe3 Rxe3 50. b7 Rb3 51. Ra6+ Ke7 52. Rxg6 Rxb7 53. Rg5 Ke6 54. Rxh5 Be4+ 55. Kd2 Rh7 56. Rxh7 Bxh7 57. Ke3 Kf6 58. g4 Bg8 59. Kf3 Kg6 60. Kg3 Be6 61. h4 e4 62. Bb6 Bd7 63. Be3 Be6 64. Kf4 Bd7 65. Bd2 Kh7 66. h5 Be6 67. Be3 Bd7 68. Bd4 Be6 69. Be3 Bd7 70. Kg5 Be6 71. Kh4 Bd7 72. g5 Be8 73. Bd4 Bf7 1/2-1/2

[Event "EU-ch U16"]
[Site "Bratislava"]
[Date "2019.08.05"]
[Round "4"]
[White "Gzib, David"]
[Black "Gomez Carreno, Martin"]
[Result "1/2-1/2"]
[WhiteElo "2021"]
[BlackElo "2134"]
[PlyCount "93"]
[EventDate "2019.08.02"]
[EventType "swiss"]
[EventRounds "9"]
[EventCountry "SVK"]
[SourceTitle "CBM 191 Extra"]
[Source "ChessBase"]
[SourceDate "2019.09.30"]
[SourceVersion "1"]
[SourceVersionDate "2019.09.30"]
[SourceQuality "1"]

1. c4 Nf6 2. Nc3 c5 3. g3 g6 4. Bg2 Bg7 5. Nf3 Nc6 6. 0-0 0-0 7. d4 cxd4 8. Nxd4 Qb6 9. Nc2 d6 10. b3 Qa5 11. Bd2 Qh5 12. e4 Bg4 13. f3 Bh3 14. Rc1 Rac8 15. Ne2 Bxg2 16. Kxg2 Qc5 17. Nc3 a6 18. Na4 Qa7 19. Be3 Qb8 20. Nb6 Rcd8 21. Nd5 e6 22. Nxf6+ Bxf6 23. Nd4 Rd7 24. Nxc6 bxc6 25. Bd4 Bxd4 26. Qxd4 Rfd8 27. Rf2 d5 28. cxd5 cxd5 29. e5 Rc8 30. Rfc2 Rdc7 31. Rc3 Kg7 32. f4 Qb7 33. Kf2 Rxc3 34. Rxc3 Rxc3 35. Qxc3 Qb6+ 36. Qe3 Qxe3+ 37. Kxe3 Kf8 38. b4 Ke7 39. Kd4 Kd7 40. Kc5 Kc7 41. h4 h5 42. a4 Kb7 43. Kd4 Kb6 44. Kc3 Kb7 45. Kd4 Kc7 46. Kc5 Kb7 47. Kd4 1/2-1/2

[Event "Galego-ch U18"]
[Site "Ferrol"]
[Date "2018.02.12"]
[Round "6"]
[White "Gomez Carreno, Martin"]
[Black "Bringas Gomez, Artai"]
[Result "1/2-1/2"]
[WhiteElo "2055"]
[BlackElo "1850"]
[PlyCount "40"]
[EventDate "2018.02.10"]
[EventType "swiss"]
[EventRounds "8"]
[EventCountry "ESP"]
[SourceTitle "EXT 2024"]
[Source "ChessBase"]
[SourceDate "2023.10.10"]
[SourceVersion "1"]
[SourceVersionDate "2023.10.10"]
[SourceQuality "1"]

1. e4 c6 2. d4 d5 3. e5 Bf5 4. g4 Bg6 5. h4 h5 6. g5 e6 7. Bd3 Bxd3 8. Qxd3 Ne7 9. Ne2 g6 10. Ng3 Nd7 11. 0-0 c5 12. c3 a6 13. Be3 Nc6 14. Nd2 Qb6 15. b3 Be7 16. Kh2 Rc8 17. f4 cxd4 18. Bxd4 Nxd4 19. cxd4 Nb8 20. Rac1 Kd7 1/2-1/2